[Event "4NCL 3 South pool A"]
[Site "Maidenhead, ENG"]
[Date "2020.01.11"]
[Round "3.35"]
[White "Zakarian, Dimitrios Levon"]
[Black "Faulks, Nick"]
[Result "0-1"]
[WhiteElo "1885"]
[BlackElo "1900"]
[PlyCount "60"]
[EventDate "2020.01.11"]
[WhiteTeam "Oxford 3"]
[BlackTeam "Surbiton"]

1. d4 Nf6 2. Nf3 c5 3. d5 b5 4. Bg5 Qb6 5. e3 Ne4 6. Nbd2 Nxg5 7. Nxg5 h6 8.
Ngf3 d6 9. c4 Bb7 10. Qc2 Nd7 11. Be2 g6 12. O-O Bg7 13. e4 b4 14. Rab1 O-O 15.
Qa4 Qc7 16. a3 a5 17. Qc2 a4 18. Ne1 b3 19. Qc1 e5 20. Nd3 Rae8 21. f4 f5 22.
fxe5 dxe5 23. Qe1 Bc8 24. Bf3 Nf6 25. Qe3 Nd7 26. Rbc1 g5 27. exf5 e4 28. Bxe4
Bd4 29. Rce1 Nf6 30. Qxd4 cxd4 0-1

[Event "4NCL 3 South pool A"]
[Site "Maidenhead, ENG"]
[Date "2020.01.11"]
[Round "3.36"]
[White "Smith, Nigel D"]
[Black "Rudny, Tomasz"]
[Result "1-0"]
[WhiteElo "1885"]
[BlackElo "1907"]
[PlyCount "104"]
[EventDate "2020.01.11"]
[WhiteTeam "Surbiton"]
[BlackTeam "Oxford 3"]

1. b3 d5 2. Bb2 Nf6 3. e3 e6 4. Nf3 Be7 5. c4 O-O 6. Nc3 b6 7. cxd5 Nxd5 8.
Nxd5 Qxd5 9. Bc4 Qe4 10. Qe2 Rd8 11. O-O Bb7 12. d4 Nd7 13. Rac1 c5 14. Rfd1
Nf8 15. h3 Qf5 16. Ba3 Ng6 17. dxc5 bxc5 18. Bb2 a5 19. a4 Be4 20. Bc3 Bf6 21.
Rxd8+ Bxd8 22. Rd1 Bf6 23. Bxf6 Qxf6 24. Nh2 Rd8 25. f3 Bc6 26. Ng4 Qe7 27. Qe1
h5 28. Nf2 Rxd1 29. Qxd1 Qd7 30. Qxd7 Bxd7 31. Nd3 Bc6 32. Kf2 Bd5 33. Bxd5
exd5 34. Nxc5 Ne5 35. Ke2 Kf8 36. Nb7 Nc6 37. Kd3 Ke7 38. Kc3 Kd7 39. Nc5+ Kd6
40. Nd3 g5 41. b4 axb4+ 42. Nxb4 Na5 43. Nd3 Nc6 44. Nc1 f5 45. Nb3 f4 46. exf4
gxf4 47. Nd4 Ne7 48. Kb4 Ke5 49. Kc5 Nc8 50. Nc6+ Ke6 51. a5 Nd6 52. a6 Kd7 1-0

[Event "4NCL 3 South pool A"]
[Site "Maidenhead, ENG"]
[Date "2020.01.11"]
[Round "3.41"]
[White "Brown, Thomas"]
[Black "Byron, Alan M"]
[Result "1/2-1/2"]
[WhiteElo "2116"]
[BlackElo "2208"]
[PlyCount "68"]
[EventDate "2020.01.11"]
[WhiteTeam "Rhyfelwyr Essyllwg"]
[BlackTeam "The Rookies"]

1. d4 Nf6 2. c4 e6 3. Nc3 d5 4. cxd5 exd5 5. Bg5 Be7 6. e3 O-O 7. Bd3 c6 8.
Nge2 Re8 9. O-O Nbd7 10. Ng3 Nf8 11. Qd2 Ne6 12. Bxf6 Bxf6 13. b4 g6 14. f4 Ng7
15. f5 Bg5 16. Rae1 a5 17. b5 Qe7 18. Nd1 Nxf5 19. Bxf5 Bxf5 20. Nxf5 gxf5 21.
bxc6 bxc6 22. Rxf5 f6 23. Qf2 Qe4 24. g3 Rab8 25. h4 Bh6 26. Rxf6 Bg7 27. Rf4
Qd3 28. Qe2 Qxe2 29. Rxe2 Rb1 30. Rf1 Bxd4 31. Rc2 Be5 32. Nc3 Rxf1+ 33. Kxf1
Re6 34. Ne2 Rg6 1/2-1/2

[Event "4NCL 3 South pool A"]
[Site "Maidenhead, ENG"]
[Date "2020.01.11"]
[Round "3.42"]
[White "Burrows, Martin P"]
[Black "Garcia, Jason"]
[Result "1-0"]
[WhiteElo "2178"]
[BlackElo "2043"]
[PlyCount "57"]
[EventDate "2020.01.11"]
[WhiteTeam "The Rookies"]
[BlackTeam "Rhyfelwyr Essyllwg"]

1. e4 c5 2. Nf3 d6 3. d4 cxd4 4. Nxd4 Nf6 5. Nc3 a6 6. h3 e6 7. g4 b5 8. g5
Nfd7 9. a3 Bb7 10. Be3 Nb6 11. Qd2 N8d7 12. Rg1 Rc8 13. Rg3 Nc4 14. Bxc4 Rxc4
15. O-O-O Qa5 16. Kb1 b4 17. Nb3 Qd8 18. axb4 Rxb4 19. f4 Bxe4 20. Nxe4 Rxe4
21. Bd4 h6 22. gxh6 Rxh6 23. Bxg7 Bxg7 24. Rxg7 d5 25. Rg8+ Nf8 26. Qc3 Ke7 27.
Nd4 Qd6 28. Nc6+ Ke8 29. Ne5 1-0

[Event "4NCL 3 South pool A"]
[Site "Maidenhead, ENG"]
[Date "2020.01.11"]
[Round "3.43"]
[White "Hewitt, William"]
[Black "Jones, Christopher M"]
[Result "0-1"]
[WhiteElo "2002"]
[BlackElo "2120"]
[PlyCount "66"]
[EventDate "2020.01.11"]
[WhiteTeam "Rhyfelwyr Essyllwg"]
[BlackTeam "The Rookies"]

1. e4 e5 2. Nf3 Nc6 3. d4 exd4 4. Nxd4 Nf6 5. Nc3 Bb4 6. Nxc6 bxc6 7. Bd3 d5 8.
exd5 cxd5 9. O-O O-O 10. Bg5 c6 11. Qf3 Bd6 12. h3 h6 13. Bf4 Rb8 14. b3 Bxf4
15. Qxf4 Be6 16. Na4 Qa5 17. Rac1 c5 18. Bf5 Rbe8 19. Rfd1 c4 20. Bxe6 fxe6 21.
f3 e5 22. Qd2 Qc7 23. b4 d4 24. Nc5 Nd5 25. a3 Qf7 26. c3 Nxc3 27. Rxc3 dxc3
28. Qxc3 Rd8 29. Rxd8 Rxd8 30. Qxe5 Qd5 31. Qxd5+ Rxd5 32. Ne4 Rd3 33. Kf2 c3
0-1

[Event "4NCL 3 South pool A"]
[Site "Maidenhead, ENG"]
[Date "2020.01.11"]
[Round "3.44"]
[White "Compton, Alistair"]
[Black "Ralphs, Nigel"]
[Result "1-0"]
[WhiteElo "2027"]
[BlackElo "1974"]
[PlyCount "59"]
[EventDate "2020.01.11"]
[WhiteTeam "The Rookies"]
[BlackTeam "Rhyfelwyr Essyllwg"]

1. e4 e5 2. Nc3 Nf6 3. Bc4 Bc5 4. d3 O-O 5. f4 d6 6. Nf3 Be6 7. f5 Bxc4 8. dxc4
Bb4 9. Qe2 Qe8 10. Bd2 Bxc3 11. Bxc3 Qc6 12. Nd2 a5 13. O-O Nbd7 14. Rae1 Nc5
15. b3 a4 16. b4 Ncd7 17. Rf3 Rfb8 18. Rh3 b5 19. g4 Ne8 20. g5 f6 21. Qh5 Nf8
22. Rg3 Qd7 23. Nf1 fxg5 24. Qxg5 Qf7 25. Ne3 Nf6 26. Nd5 Nxd5 27. cxd5 c6 28.
Rd1 cxd5 29. Rxd5 Rc8 30. Rxd6 1-0

[Event "4NCL 3 South pool A"]
[Site "Maidenhead, ENG"]
[Date "2020.01.11"]
[Round "3.45"]
[White "Trevelyan, John"]
[Black "Jaszkiwskyj, Peter"]
[Result "1-0"]
[WhiteElo "1999"]
[BlackElo "1925"]
[PlyCount "71"]
[EventDate "2020.01.11"]
[WhiteTeam "Rhyfelwyr Essyllwg"]
[BlackTeam "The Rookies"]

1. d4 d5 2. Nf3 Nf6 3. c4 e6 4. Nc3 Be7 5. Bg5 O-O 6. e3 Nbd7 7. Qc2 c6 8.
O-O-O b6 9. cxd5 Nxd5 10. Bxe7 Qxe7 11. Nxd5 cxd5 12. Kb1 a5 13. Bd3 Nf6 14.
Rc1 g6 15. Ne5 Bd7 16. Qb3 Qd6 17. Nxd7 Nxd7 18. Bb5 Nf6 19. Rc6 Qb8 20. f3 Rd8
21. g4 Qb7 22. g5 Ne8 23. Rhc1 Rab8 24. f4 Kg7 25. h4 Kg8 26. h5 Rd7 27. R6c3
Re7 28. Bxe8 Rbxe8 29. h6 Rb8 30. Qc2 Kf8 31. Rc6 Rd7 32. e4 dxe4 33. Qxe4 Rbd8
34. Qe5 Qb8 35. Rc7 Qa8 36. Rxd7 1-0

[Event "4NCL 3 South pool A"]
[Site "Maidenhead, ENG"]
[Date "2020.01.11"]
[Round "3.46"]
[White "Gibson, Christopher A"]
[Black "Jones, Derek"]
[Result "1/2-1/2"]
[WhiteElo "1867"]
[BlackElo "1963"]
[PlyCount "77"]
[EventDate "2020.01.11"]
[WhiteTeam "The Rookies"]
[BlackTeam "Rhyfelwyr Essyllwg"]

1. e4 e6 2. d4 d5 3. Nc3 Bb4 4. e5 c5 5. a3 Bxc3+ 6. bxc3 Qa5 7. Bd2 Qa4 8. Qb1
c4 9. h4 Nc6 10. h5 h6 11. g3 Nge7 12. Bh3 Bd7 13. Ne2 O-O-O 14. Nf4 g5 15.
hxg6 Nxg6 16. Nh5 Nce7 17. Qb2 Ng8 18. O-O-O a5 19. Bg4 Kb8 20. Nf6 Nxf6 21.
exf6 Ka7 22. Bxh6 Qc6 23. Bf3 Qd6 24. Be3 Ba4 25. Bh5 Rdg8 26. Bxg6 Rxh1 27.
Rxh1 Rxg6 28. Bf4 Qf8 29. Be5 Rh6 30. Rf1 Rh2 31. Kb1 Qh6 32. Qc1 Qg6 33. Qd2
$11 Qe4 34. Kb2 Qf3 35. Kb1 Rg2 36. Kb2 Qh5 37. Kb1 Qh3 38. Qe2 Qh7 39. Qd2
1/2-1/2

[Event "4NCL 3 South pool A"]
[Site "Maidenhead, ENG"]
[Date "2020.01.12"]
[Round "4.11"]
[White "Lukosius, Rolandas"]
[Black "Farrand, Tom"]
[Result "0-1"]
[WhiteElo "2114"]
[BlackElo "2153"]
[PlyCount "71"]
[EventDate "2020.01.12"]
[WhiteTeam "Wessex A"]
[BlackTeam "CSC 1"]

1. d4 e6 2. Nf3 f5 3. g3 Nf6 4. Bg2 Be7 5. O-O O-O 6. c4 d6 7. Nc3 Ne4 8. Qc2
Nxc3 9. Qxc3 a5 10. b3 Nc6 11. Bb2 Bf6 12. Rad1 Qe8 13. Qc1 e5 14. d5 Nb4 15.
a3 Na6 16. Nd2 b6 17. Bc3 Nc5 18. b4 Nb7 19. Nb3 Bd7 20. Qb2 a4 21. Nc1 Qe7 22.
Nd3 g5 23. c5 Bb5 24. c6 Nd8 25. e4 f4 26. f3 Bg7 27. Bh3 fxg3 28. hxg3 Rf6 29.
Rf2 Nf7 30. Be6 Kh8 31. f4 gxf4 32. gxf4 Rg6+ 33. Rg2 Rxg2+ 34. Kxg2 Rf8 35.
Qf2 Nh6 36. Qg3 {0-1 Time} 0-1

[Event "4NCL 3 South pool A"]
[Site "Maidenhead, ENG"]
[Date "2020.01.12"]
[Round "4.12"]
[White "Frostick, Clive A"]
[Black "Wilson, Jaimie"]
[Result "0-1"]
[WhiteElo "2091"]
[BlackElo "2112"]
[PlyCount "70"]
[EventDate "2020.01.12"]
[WhiteTeam "CSC 1"]
[BlackTeam "Wessex A"]

1. e4 c5 2. Nf3 e6 3. g3 Nc6 4. Bg2 d5 5. exd5 exd5 6. d4 Nf6 7. O-O Be7 8.
dxc5 Bxc5 9. Bg5 O-O 10. Nbd2 h6 11. Bxf6 Qxf6 12. Nb3 Bb6 13. c3 Be6 14. a4 a6
15. Qd2 Rfd8 16. a5 Ba7 17. Ra4 d4 18. Nbxd4 Bd5 19. Qe3 Re8 20. Qf4 Qxf4 21.
gxf4 Rad8 22. Rc1 Rd6 23. f5 Re4 24. Nxc6 Rxa4 25. Nxa7 Rg4 26. Nc8 Bxf3 27.
Nxd6 Rxg2+ 28. Kf1 Rxh2 29. Ke1 Kf8 30. Kd2 Ke7 31. Nc4 Rh1 32. Rxh1 Bxh1 33.
Ke3 Bd5 34. Ne5 Kd6 35. Kf4 f6 0-1

[Event "4NCL 3 South pool A"]
[Site "Maidenhead, ENG"]
[Date "2020.01.12"]
[Round "4.13"]
[White "Goater, Kevin P"]
[Black "Fegan, Chris"]
[Result "0-1"]
[WhiteElo "2102"]
[BlackElo "2061"]
[PlyCount "70"]
[EventDate "2020.01.12"]
[WhiteTeam "Wessex A"]
[BlackTeam "CSC 1"]

1. d4 d5 2. Nc3 Nf6 3. Bf4 e6 4. e3 Bd6 5. Nf3 O-O 6. Ne5 Ne4 7. Nb5 f6 8. Nd3
Bxf4 9. Nxf4 c6 10. Nc3 e5 11. Nfe2 Qa5 12. a3 c5 13. dxc5 Be6 14. b4 Nxc3 15.
Nxc3 Qd8 16. Be2 a6 17. Qd2 Nc6 18. Rd1 d4 19. Na4 Qe8 20. Nb6 Rd8 21. e4 Qg6
22. Bf3 d3 23. cxd3 Nd4 24. Qc3 f5 25. Nc4 Qf6 26. Rd2 Kh8 27. Bd1 fxe4 28.
dxe4 Qg5 29. Ne3 Qf4 30. Bc2 Nb5 31. Qb2 Rxd2 32. Kxd2 Qxf2+ 33. Kc1 Qxe3+ 34.
Kb1 Nxa3+ 35. Ka1 Rf2 0-1

[Event "4NCL 3 South pool A"]
[Site "Maidenhead, ENG"]
[Date "2020.01.12"]
[Round "4.14"]
[White "Kalitsis, Nikolaos"]
[Black "McDougall, William"]
[Result "0-1"]
[WhiteElo "2049"]
[BlackElo "2085"]
[PlyCount "52"]
[EventDate "2020.01.12"]
[WhiteTeam "CSC 1"]
[BlackTeam "Wessex A"]

1. e4 c5 2. Nf3 d6 3. d4 cxd4 4. Nxd4 Nf6 5. Nc3 a6 6. f3 e6 7. g4 h6 8. Bc4 b5
9. Bb3 Bb7 10. g5 hxg5 11. Bxg5 Nbd7 12. a4 b4 13. Nce2 Qa5 14. Be3 d5 15. exd5
Bxd5 16. Ng3 Bxb3 17. Nxb3 Qe5 18. Qd4 Nd5 19. Qxe5 Nxe5 20. Bc5 Rc8 21. Bxf8
Kxf8 22. Nd4 Rh4 23. O-O-O Ne3 24. Rd2 Ke7 25. Re1 Rxd4 26. Nf5+ Nxf5 0-1

[Event "4NCL 3 South pool A"]
[Site "Maidenhead, ENG"]
[Date "2020.01.12"]
[Round "4.15"]
[White "Pye, David E"]
[Black "Garwood, Colin"]
[Result "1/2-1/2"]
[WhiteElo "2057"]
[BlackElo "2050"]
[PlyCount "72"]
[EventDate "2020.01.12"]
[WhiteTeam "Wessex A"]
[BlackTeam "CSC 1"]

1. e4 e5 2. Nf3 Nc6 3. Bb5 a6 4. Bxc6 dxc6 5. O-O Bd6 6. d4 exd4 7. Qxd4 f6 8.
Be3 Ne7 9. Nbd2 Ng6 10. Nc4 Be7 11. Qxd8+ Bxd8 12. Nfd2 O-O 13. Na5 Re8 14.
Rfe1 Ne5 15. Rad1 c5 16. f3 b6 17. Nac4 Nxc4 18. Nxc4 Be6 19. b3 f5 20. exf5
Bxf5 21. Bf4 Bh4 22. g3 Bf6 23. Bxc7 Bd4+ 24. Kg2 Bxc2 25. Rxe8+ Rxe8 26. Rd2
Bb1 27. Bxb6 Re1 28. g4 h5 29. Ba5 Rg1+ 30. Kh3 g6 31. Rg2 hxg4+ 32. fxg4 Rxg2
33. Kxg2 Bxa2 34. Nd2 $11 Be3 35. Nf1 Bc1 36. Bb6 Bxb3 1/2-1/2

[Event "4NCL 3 South pool A"]
[Site "Maidenhead, ENG"]
[Date "2020.01.12"]
[Round "4.16"]
[White "Scrimgour, Alan"]
[Black "Pleasants, Allan J"]
[Result "1/2-1/2"]
[WhiteElo "2051"]
[BlackElo "2046"]
[PlyCount "27"]
[EventDate "2020.01.12"]
[WhiteTeam "CSC 1"]
[BlackTeam "Wessex A"]

1. e4 d6 2. d4 g6 3. Nc3 Bg7 4. f4 Nf6 5. Nf3 O-O 6. Bd3 Na6 7. O-O c5 8. d5
Nc7 9. a4 Rb8 10. Bc4 Na6 11. Qe2 Nb4 12. h3 e6 13. dxe6 Bxe6 14. Bxe6 1/2-1/2

[Event "4NCL 3 South pool A"]
[Site "Maidenhead, ENG"]
[Date "2020.01.12"]
[Round "4.22"]
[White "Garcia, Jason"]
[Black "Scott, David A"]
[Result "1/2-1/2"]
[WhiteElo "2043"]
[BlackElo "2140"]
[PlyCount "105"]
[EventDate "2020.01.12"]
[WhiteTeam "Rhyfelwyr Essyllwg"]
[BlackTeam "Surbiton"]

1. Nf3 d5 2. c4 e6 3. b3 Nf6 4. Bb2 c5 5. e3 Nc6 6. g3 d4 7. exd4 cxd4 8. d3 e5
9. a3 a5 10. Bg2 Bd6 11. O-O O-O 12. Re1 Re8 13. Nbd2 Bf5 14. Qc2 h6 15. Ne4
Nxe4 16. dxe4 Be6 17. Rec1 b6 18. Ne1 Rc8 19. a4 Qe7 20. Nd3 f5 21. Qe2 Rf8 22.
Kh1 Nb4 23. Rf1 Nxd3 24. Qxd3 f4 25. Bc1 g5 26. Bd2 Qf6 27. f3 h5 28. Kg1 Rc7
29. Rf2 fxg3 30. hxg3 h4 31. gxh4 gxh4 32. Kf1 h3 33. Bh1 Qh4 34. Ke2 Rg7 35.
Raf1 Be7 36. Kd1 Qh5 37. Kc2 Bh4 38. Re2 Bg3 39. Be1 Bf4 40. Bd2 Qh6 41. Bxf4
Qxf4 42. Qd2 Rg3 43. Ree1 Rf7 44. Qxf4 exf4 45. Kd3 Rfg7 46. Kxd4 h2 47. Ke5
Kf7 48. Rf2 Rg1 49. Ree2 Rxh1 50. Rxh2 Rb1 51. Rb2 Rxb2 52. Rxb2 Rg1 53. Kxf4
1/2-1/2

[Event "4NCL 3 South pool A"]
[Site "Maidenhead, ENG"]
[Date "2020.01.12"]
[Round "4.23"]
[White "Seymour, Timothy P"]
[Black "Hewitt, William"]
[Result "1-0"]
[WhiteElo "2104"]
[BlackElo "2002"]
[PlyCount "69"]
[EventDate "2020.01.12"]
[WhiteTeam "Surbiton"]
[BlackTeam "Rhyfelwyr Essyllwg"]

1. d4 Nf6 2. Nf3 g6 3. c4 Bg7 4. e3 O-O 5. Be2 d6 6. Nc3 Nbd7 7. O-O e5 8. Qc2
Re8 9. h3 e4 10. Nd2 Qe7 11. b4 Nf8 12. Bb2 h5 13. Rfc1 Bf5 14. Qd1 N8h7 15. a4
h4 16. a5 a6 17. b5 Qd7 18. Ra3 Ng5 19. Bf1 Bh6 20. bxa6 bxa6 21. Nd5 Ngh7 22.
Nxf6+ Nxf6 23. Nb3 g5 24. d5 Bg7 25. Be2 g4 26. Bxf6 Bxf6 27. hxg4 Bb2 28. Ra2
Bxc1 29. gxf5 Bxe3 30. fxe3 Qxf5 31. Bh5 Qg5 32. Rf2 Rf8 33. Nd4 Kh7 34. Bxf7
Rab8 35. Ne6 1-0

[Event "4NCL 3 South pool A"]
[Site "Maidenhead, ENG"]
[Date "2020.01.12"]
[Round "4.24"]
[White "Ralphs, Nigel"]
[Black "Shepherd, Paul D"]
[Result "1/2-1/2"]
[WhiteElo "1974"]
[BlackElo "2110"]
[PlyCount "60"]
[EventDate "2020.01.12"]
[WhiteTeam "Rhyfelwyr Essyllwg"]
[BlackTeam "Surbiton"]

1. c4 e6 2. Nc3 d5 3. e3 c5 4. cxd5 exd5 5. d4 Nf6 6. Nf3 c4 7. g3 Nc6 8. Bg2
Bb4 9. O-O O-O 10. Bd2 Re8 11. b3 Bxc3 12. Bxc3 b5 13. bxc4 bxc4 14. Ne5 Qc7
15. Qa4 Bd7 16. Nxd7 Qxd7 17. Rfe1 Ne4 18. Bxe4 Rxe4 19. f3 Re7 20. e4 Rae8 21.
Rad1 dxe4 22. fxe4 Rxe4 23. Rxe4 Rxe4 24. Qxc4 h6 25. Qb5 a6 26. Qxa6 Nxd4 27.
Bxd4 Rxd4 28. Qa8+ Kh7 29. Qe4+ Rxe4 30. Rxd7 Ra4 1/2-1/2

[Event "4NCL 3 South pool A"]
[Site "Maidenhead, ENG"]
[Date "2020.01.12"]
[Round "4.25"]
[White "Faulks, Nick"]
[Black "Trevelyan, John"]
[Result "1/2-1/2"]
[WhiteElo "1900"]
[BlackElo "1999"]
[PlyCount "92"]
[EventDate "2020.01.12"]
[WhiteTeam "Surbiton"]
[BlackTeam "Rhyfelwyr Essyllwg"]

1. e4 d6 2. d4 e5 3. dxe5 dxe5 4. Qxd8+ Kxd8 5. Nf3 f6 6. Be3 Nd7 7. Nc3 Bc5 8.
Bxc5 Nxc5 9. O-O-O+ Nd7 10. g4 c6 11. Rg1 g5 12. Bc4 Ne7 13. Rd6 Kc7 14. Rgd1
Nb6 15. Be6 Rf8 16. Bxc8 Raxc8 17. R6d3 Ng6 18. Ne2 Rf7 19. Nd2 Rd7 20. Rxd7+
Nxd7 21. Ng3 Nf4 22. Nc4 Rh8 23. Ne3 h5 24. f3 Nc5 25. gxh5 Nxh5 26. Nxh5 Rxh5
27. Ng4 Rh3 28. Rf1 Nd7 29. Kd2 Kd6 30. Rf2 Ke7 31. Ne3 Nc5 32. c3 Rh8 33. Kc2
Ne6 34. Nf5+ Kd7 35. Rd2+ Kc7 36. b4 b5 37. Kb3 Rh3 38. Rd6 Nf4 39. Rxf6 Rxh2
40. Rf7+ Kd8 41. c4 Nd3 42. cxb5 Nc1+ 43. Kc3 cxb5 44. Rxa7 Nxa2+ 45. Kb3 Nc1+
46. Kc3 Na2+ 1/2-1/2

[Event "4NCL 3 South pool A"]
[Site "Maidenhead, ENG"]
[Date "2020.01.12"]
[Round "4.26"]
[White "Jones, Derek"]
[Black "Way, Julian M"]
[Result "0-1"]
[WhiteElo "1963"]
[BlackElo "1966"]
[PlyCount "76"]
[EventDate "2020.01.12"]
[WhiteTeam "Rhyfelwyr Essyllwg"]
[BlackTeam "Surbiton"]

1. c4 e6 2. Nc3 d5 3. d4 Be7 4. Nf3 Nf6 5. Bg5 O-O 6. e3 h6 7. Bh4 b6 8. Bd3
Bb7 9. O-O Nbd7 10. Qe2 c5 11. Rfd1 Ne4 12. Bxe7 Qxe7 13. cxd5 exd5 14. Rac1
Rac8 15. h3 Rfd8 16. Bb1 g6 17. dxc5 Nxc3 18. Rxc3 bxc5 19. Nd2 Ne5 20. Rdc1
Kg7 21. f4 Nd7 22. Qg4 Nf6 23. Qg3 Qd6 24. Nf3 Nh5 25. Qf2 Re8 26. Ne5 Nf6 27.
g4 d4 28. Rb3 Qd5 29. Kh2 c4 30. Ra3 d3 31. Rxa7 Rxe5 32. fxe5 Qxe5+ 33. Kg1
Be4 34. Rf1 Rc6 35. Rb7 Rd6 36. Rb4 d2 37. Rxc4 d1=Q 38. Rxe4 Qxf1+ 0-1

[Event "4NCL 3 South pool A"]
[Site "Maidenhead, ENG"]
[Date "2020.01.12"]
[Round "4.31"]
[White "Gogia, Armaan"]
[Black "Harley, Andrew D"]
[Result "1/2-1/2"]
[WhiteElo "1952"]
[BlackElo "2184"]
[PlyCount "61"]
[EventDate "2020.01.12"]
[WhiteTeam "Ashfield 1"]
[BlackTeam "Poisoned Pawns 1"]

1. e4 e6 2. Nf3 d5 3. exd5 exd5 4. d4 Nc6 5. Bb5 Bd6 6. c4 dxc4 7. Bxc6+ bxc6
8. O-O Ne7 9. Qc2 O-O 10. Nbd2 c5 11. dxc5 Bxc5 12. Qxc4 Bb6 13. Ne4 Bf5 14.
Bg5 Qd5 15. Qxd5 Nxd5 16. Ng3 Be6 17. Rfd1 f6 18. Bd2 a5 19. Bc3 Nxc3 20. bxc3
Rad8 21. Nd4 Bd5 22. Ngf5 Rfe8 23. Rd2 Be6 24. Nxg7 Rxd4 25. cxd4 Kxg7 26. d5
Rd8 27. Rad1 Bf7 28. d6 Rxd6 29. Rxd6 cxd6 30. Rxd6 Bc5 31. Ra6 1/2-1/2

[Event "4NCL 3 South pool A"]
[Site "Maidenhead, ENG"]
[Date "2020.01.12"]
[Round "4.32"]
[White "Davison, Chris"]
[Black "Walker, Andrew N"]
[Result "1-0"]
[WhiteElo "2053"]
[BlackElo "1960"]
[PlyCount "129"]
[EventDate "2020.01.12"]
[WhiteTeam "Poisoned Pawns 1"]
[BlackTeam "Ashfield 1"]

1. e4 e5 2. Nf3 Nc6 3. d4 exd4 4. Nxd4 Bc5 5. Nb3 Bb6 6. a4 a5 7. Nc3 Qf6 8.
Qe2 Nge7 9. Nd5 Nxd5 10. exd5+ Ne7 11. h4 Qd6 12. Rh3 O-O 13. c4 Nf5 14. Qe4
Qe7 15. Qxe7 Nxe7 16. c5 Ba7 17. Rd3 d6 18. Bf4 Ng6 19. Bg3 Bf5 20. Rd2 Rfe8+
21. Kd1 Ne5 22. Nd4 Bg4+ 23. f3 Bd7 24. Nb5 Bxb5 25. Bxb5 c6 26. dxc6 bxc6 27.
Bxe5 Rxe5 28. Bxc6 Rd8 29. Rxd6 Rb8 30. Bb5 Bxc5 31. Rd7 Re7 32. Rxe7 Bxe7 33.
h5 Bf6 34. Kc2 Rc8+ 35. Kb3 Bg5 36. Rd1 Rd8 37. Re1 Kf8 38. Re2 Be7 39. Rc2 Bd6
40. Rc6 Bb4 41. Rc7 Rd6 42. Bc4 Rf6 43. Bd5 h6 44. Kc4 g6 45. hxg6 fxg6 46. g4
h5 47. gxh5 gxh5 48. Rh7 Rf4+ 49. Kd3 Be7 50. Rxh5 Rxa4 51. Rf5+ Kg7 52. Rf7+
Kg6 53. Rxe7 Rb4 54. b3 a4 55. Re4 Rb5 56. Bc4 Rf5 57. bxa4 Rxf3+ 58. Kd4 Ra3
59. Kc5 Kf5 60. Bd5 Ra1 61. Rb4 Ke5 62. Bc4 Ra3 63. Kb6 Kd4 64. a5 Kc3 65. Rb3+
1-0

[Event "4NCL 3 South pool A"]
[Site "Maidenhead, ENG"]
[Date "2020.01.12"]
[Round "4.33"]
[White "Truman, Richard G"]
[Black "Byway, Paul V"]
[Result "1-0"]
[WhiteElo "1990"]
[BlackElo "2038"]
[PlyCount "123"]
[EventDate "2020.01.12"]
[WhiteTeam "Ashfield 1"]
[BlackTeam "Poisoned Pawns 1"]

1. d4 Nf6 2. c4 e6 3. Nc3 d5 4. Bg5 Be7 5. e3 O-O 6. Nf3 h6 7. Bh4 b6 8. Bxf6
Bxf6 9. cxd5 exd5 10. Rc1 Be6 11. Bb5 c6 12. Ba4 a5 13. O-O Ra7 14. Ne2 Qd6 15.
Nf4 Bc8 16. Re1 Ba6 17. Nd3 Rc7 18. Nde5 c5 19. Bb3 c4 20. Bc2 b5 21. e4 Bb7
22. Nxf7 Rcxf7 23. e5 Qb6 24. exf6 Qxf6 25. Re5 Nd7 26. Rf5 Qd6 27. Rxf7 Rxf7
28. Qd2 b4 29. Re1 Nf6 30. Ne5 Rc7 31. f3 Ba6 32. Qf4 Bb5 33. Qf5 a4 34. Qg6
Be8 35. Qf5 b3 36. axb3 axb3 37. Bb1 Re7 38. Kf2 Qe6 39. Qxe6+ Rxe6 40. Rc1 Ra6
41. Ke3 Kf8 42. Kd2 Ke7 43. Bf5 Nh5 44. g3 g6 45. Bc8 Rb6 46. Ra1 Rb8 47. Ra7+
Kd6 48. Bh3 Rd8 49. Nxg6 Bxg6 50. Ra6+ Kc7 51. Rxg6 Ra8 52. Bg4 Ra2 53. Kc3 Ra1
54. Bxh5 Rc1+ 55. Kb4 Rb1 56. Kc5 Rxb2 57. Rg7+ Kd8 58. Kd6 Kc8 59. Kc6 Kd8 60.
Rd7+ Kc8 61. Re7 Kb8 62. Bg4 1-0

[Event "4NCL 3 South pool A"]
[Site "Maidenhead, ENG"]
[Date "2020.01.12"]
[Round "4.34"]
[White "Kemp, Paul R"]
[Black "Combie, Alex B"]
[Result "1-0"]
[WhiteElo "2021"]
[BlackElo "1982"]
[PlyCount "119"]
[EventDate "2020.01.12"]
[WhiteTeam "Poisoned Pawns 1"]
[BlackTeam "Ashfield 1"]

1. e4 c5 2. c3 Nf6 3. e5 Nd5 4. d4 cxd4 5. Nf3 e6 6. cxd4 d6 7. Bc4 Nb6 8. Bd3
Be7 9. O-O O-O 10. Nc3 Nc6 11. Qe2 dxe5 12. dxe5 Nd4 13. Nxd4 Qxd4 14. Rd1 Qh4
15. Be4 Rd8 16. Be3 Nd7 17. g3 Qh3 18. f4 Nf8 19. Qc4 Rxd1+ 20. Rxd1 f5 21. Bf3
g5 22. Ne2 g4 23. Bg2 Qh5 24. Qc7 Qe8 25. b3 a5 26. Nc3 h5 27. Na4 Bd7 28. Nb6
Rd8 29. Bxb7 Bb5 30. Rxd8 Bxd8 31. Qc5 Bxb6 32. Qxb6 Qd7 33. h3 Qd1+ 34. Kh2
Be2 35. Qd6 Qf1 36. Bg2 Qb1 37. Bc5 Ng6 38. Qxe6+ Kg7 39. Qf6+ Kh7 40. Qf7+ Kh6
41. Bf8+ Nxf8 42. Qxf8+ Kg6 43. Bd5 Bc4 44. bxc4 Qxa2+ 45. Bg2 Qxc4 46. Qf6+
Kh7 47. Qxf5+ Kg7 48. hxg4 h4 49. Qf6+ Kg8 50. e6 hxg3+ 51. Kxg3 Qd3+ 52. Bf3
Qe3 53. Qf7+ Kh8 54. e7 Qe1+ 55. Kh3 Qf1+ 56. Kh4 Qf2+ 57. Kg5 Qc5+ 58. f5 Qe3+
59. Kg6 Qe5 60. Qh7# 1-0

[Event "4NCL 3 South pool A"]
[Site "Maidenhead, ENG"]
[Date "2020.01.12"]
[Round "4.35"]
[White "George, Andrew P"]
[Black "Rosen, Daniel B"]
[Result "1/2-1/2"]
[WhiteElo "1975"]
[BlackElo "1989"]
[PlyCount "81"]
[EventDate "2020.01.12"]
[WhiteTeam "Ashfield 1"]
[BlackTeam "Poisoned Pawns 1"]

1. c4 e5 2. Nc3 Nc6 3. g3 d6 4. Bg2 g6 5. d3 Bg7 6. e4 Nge7 7. Nge2 O-O 8. Be3
f5 9. Qd2 Nd4 10. f4 Nxe2 11. Nxe2 Nc6 12. O-O fxe4 13. dxe4 Be6 14. Rac1 Qd7
15. b4 a6 16. Rfd1 Qf7 17. f5 Bxc4 18. fxg6 hxg6 19. a3 Be6 20. Nc3 Qd7 21. Nd5
Rf7 22. a4 Rc8 23. b5 axb5 24. axb5 Ne7 25. b6 Nxd5 26. exd5 Bg4 27. Rf1 Rxf1+
28. Bxf1 cxb6 29. Rb1 Bh3 30. Bd3 Qf7 31. Be2 Rf8 32. Bxb6 Qf5 33. Re1 Qe4 34.
Bb5 Qf3 35. Be3 e4 36. Qe2 Bc3 37. Rc1 Qf6 38. Qc2 Qf3 39. Qe2 Qf6 40. Qc2 Qf3
41. Qe2 1/2-1/2

[Event "4NCL 3 South pool A"]
[Site "Maidenhead, ENG"]
[Date "2020.01.12"]
[Round "4.36"]
[White "McMahon, Paul"]
[Black "Naylor, Michael A"]
[Result "1-0"]
[WhiteElo "1926"]
[BlackElo "1967"]
[PlyCount "99"]
[EventDate "2020.01.12"]
[WhiteTeam "Poisoned Pawns 1"]
[BlackTeam "Ashfield 1"]

1. Nc3 e5 2. Nf3 Nc6 3. d4 exd4 4. Nxd4 Bc5 5. Nxc6 Qf6 6. Ne4 Qxc6 7. Nxc5
Qxc5 8. Be3 Qc6 9. Qd4 f6 10. O-O-O Ne7 11. Rd3 Nf5 12. Qb4 d6 13. Rc3 Qd7 14.
Bd2 c5 15. Qc4 Qc6 16. Rg1 Nd4 17. Re3+ Kf8 18. g4 b5 19. Qd3 Ba6 20. Bg2 d5
21. b4 Rc8 22. Kb1 Rd8 23. a3 Kf7 24. bxc5 Ne6 25. Bb4 Nf4 26. Qd4 Nxg2 27.
Rxg2 Rhe8 28. g5 Rxe3 29. fxe3 Bc8 30. Rf2 Re8 31. Qh4 f5 32. Qxh7 Qg6 33. Qh4
Re4 34. Qg3 Qc6 35. Rf4 Be6 36. h4 a5 37. Bxa5 Qxc5 38. Bb4 Qxe3 39. g6+ Ke8
40. Qg5 Qa7 41. Rxe4 dxe4 42. Qg3 Qb6 43. h5 Qd8 44. Qe5 Qd1+ 45. Kb2 Qd7 46.
Qb8+ Qd8 47. Qxb5+ Qd7 48. Qb8+ Qd8 49. Qe5 Qd7 50. h6 1-0

[Event "4NCL 3 South pool A"]
[Site "Maidenhead, ENG"]
[Date "2020.01.12"]
[Round "4.41"]
[White "Byron, Alan M"]
[Black "Hadi, Justin"]
[Result "1-0"]
[WhiteElo "2208"]
[BlackElo "1976"]
[PlyCount "61"]
[EventDate "2020.01.12"]
[WhiteTeam "The Rookies"]
[BlackTeam "Oxford 3"]

1. e4 e5 2. Nf3 Nc6 3. Bb5 a6 4. Ba4 Nf6 5. O-O b5 6. Bb3 Bc5 7. d3 h6 8. c3 d6
9. a4 Rb8 10. axb5 axb5 11. Qe2 O-O 12. h3 Qe7 13. Be3 Bxe3 14. Qxe3 Nd8 15.
Nh4 b4 16. Ng6 Qe8 17. Ba4 Bd7 18. Bxd7 Qxd7 19. Nxf8 Kxf8 20. Nd2 Nh5 21. d4
Nf4 22. Nf3 Qb5 23. dxe5 dxe5 24. c4 Qe8 25. Qc5+ Kg8 26. Qxe5 Nde6 27. Qf5 Qe7
28. e5 g6 29. Qe4 Qc5 30. Rad1 Kg7 31. Kh2 1-0